000 00604nam a2200241Ia 4500
003 OSt
005 20221005131332.0
006 a|||||r|||| 00| 0
007 ta
008 221004b |||||||| |||| 00| 0 urd d
024 _a7536
037 _cTextual
040 _aCRL
_cCRL
_burd
041 _2urd
_aurd
082 _aO168,1M76w, L4
100 _aFarooqi Muhammad Tahir
_9639446
245 0 _aSirat-i Iqba
260 _c1974
300 _a520p.
_ccm.
650 _aURDU POETRY
942 _hO168,1M76w, L4
_cTEXL
_2cc
999 _c1060012
_d1060012